Applied mathematics : a contemporary approach

Αποθηκεύτηκε σε:
Λεπτομέρειες βιβλιογραφικής εγγραφής
Κύριος συγγραφέας: Logan, J. David (John David)
Μορφή: Βιβλίο
Γλώσσα:English
Δημοσίευση: New York : J. Wiley, c1987
Θέματα:
Ετικέτες: Προσθήκη ετικέτας
Δεν υπάρχουν, Καταχωρήστε ετικέτα πρώτοι!

MARC

LEADER 00000cam a2200000 i 4500
001 1/35508
008 941103s1987 eng d
020 |a 0471850837 
035 |l 10039982 
035 |a 1995  |c ΦΛΕΣΣΑΣ 
040 |a GR-MY-UA  |b gre  |e aacr 
041 0 |a eng 
082 0 |a 510  |2 (19) 
100 1 |a Logan, J. David   |q (John David) 
245 1 0 |a Applied mathematics :  |b a contemporary approach /  |c J. David Logan 
260 |a New York :   |b J. Wiley,   |c c1987 
300 |a iii, 572 p.;  |b ill.;  |c 24 cm 
500 |a "A Wiley-Interscience Publication." 
504 |a Includes bibliographies and index 
650 0 0 |a Mathematics. 
852 |a INST  |b SAMOS  |e 19941103  |h 510 LOG  |p 005300003256  |q 005300003256  |t BK  |y 0 
909 |a Σ  |b 029631